Have You Ever Seen The Rain Lyrics - Statistics

General Stats
  • This quiz has been taken 106 times
  • The average score is 119 of 147
Answer Stats
Words % Correct
the
100%
you
100%
ever
99%
I
99%
rain
99%
seen
99%
a
97%
have
97%
know
96%
when
95%
down
91%
comin
89%
wanna
89%
day
84%
me
84%
on
81%
so
81%
sun
80%
for
78%
it
78%
some
78%
sunny
77%
before
76%
it's
76%
its
76%
long
76%
been
74%
time
73%
ago
70%
and
70%
storm
70%
told
70%
there's
69%
Someone
68%
calm
64%
water
59%
like
57%
all
55%
is
54%
my
54%
days
53%
say
50%
they
50%
that
49%
yesterday
49%
cold
46%
it'll
42%
shinin
41%
way
39%
over
38%
yeah
38%
cant
36%
wonder
36%
stop
30%
fast
28%
hard
28%
slow
28%
forever
27%
circle
22%
goes
20%
through
18%
til
14%
No matching quizzes found
Score Distribution
Percent of People with Each Score
Percentile by Number Answered
Your Score History
You have not taken this quiz